Экономическая информатика: учебное пособие

Бібліографічні деталі
Інші автори: Чистов Д. В. Дмитрий Владимирович (редактор)
Резюме:Рассматриваются основные компьютерные технологии, используемые в профессиональной деятельности будущих экономистов, изложены основные свойства экономической информации и требования к экономическому документу, рассмотрены инструментальные средства и технологии подготовки документов, хранения, обработки и анализа данных, а также средства моделирования на базе MS Excel и матричной лаборатории Matlab. Предложены технологии численного решения задач финансовой математики, задач оптимизации, а также технологии статистического анализа данных и финансовых расчетов. Также рассматриваются технологии автоматизации при решении трудоемких задач на основе применения MS VBA.
Мова:Російська
Опубліковано: Москва, КноРус, 2009
Предмети:
Формат: Книга
KOHA link:https://koha.lib.tpu.ru/cgi-bin/koha/opac-detail.pl?biblionumber=165756

MARC

LEADER 00000nam0a2200000 4500
001 165756
005 20231101222557.0
010 |a 9785406000519 
035 |a (RuTPU)RU\TPU\book\179803 
090 |a 165756 
100 |a 20090922d2009 m y0rusy50 ca 
101 0 |a rus 
102 |a RU 
105 |a a j 001zy 
200 1 |a Экономическая информатика  |e учебное пособие  |f под ред. Д. В. Чистова 
210 |a Москва  |c КноРус  |d 2009 
215 |a 512 с.  |c ил. 
320 |a Библиогр.: с. 504-508. 
320 |a Литература: с. 509. 
330 |a Рассматриваются основные компьютерные технологии, используемые в профессиональной деятельности будущих экономистов, изложены основные свойства экономической информации и требования к экономическому документу, рассмотрены инструментальные средства и технологии подготовки документов, хранения, обработки и анализа данных, а также средства моделирования на базе MS Excel и матричной лаборатории Matlab. Предложены технологии численного решения задач финансовой математики, задач оптимизации, а также технологии статистического анализа данных и финансовых расчетов. Также рассматриваются технологии автоматизации при решении трудоемких задач на основе применения MS VBA. 
606 1 |a Экономическая информатика  |2 stltpush  |3 (RuTPU)RU\TPU\subj\37382  |9 58401 
606 1 |a Экономические информационные системы  |2 stltpush  |3 (RuTPU)RU\TPU\subj\71394  |9 85329 
610 1 |a экономика 
610 1 |a информатика 
610 1 |a документы 
610 1 |a макросы 
610 1 |a оформление 
610 1 |a списки 
610 1 |a хранение 
610 1 |a обработка 
610 1 |a программирование 
610 1 |a эконометрика 
610 1 |a экономические задачи 
610 1 |a технология 
610 1 |a линейное программирование 
610 1 |a компьютерные технологии 
610 1 |a транспортная задача 
610 1 |a статистический анализ 
610 1 |a финансовые вычисления 
610 1 |a компьютерные сети 
610 1 |a VBA 
610 1 |a Visual Basic 
610 1 |a гипертекстовые документы 
610 1 |a учебные пособия 
686 |a Ув6с51я73  |v LBC/SL-A  |2 rubbk 
686 |a У9(2)39я73  |v LBC/SL-A  |2 rubbk 
702 1 |a Чистов  |b Д. В.  |g Дмитрий Владимирович  |4 340 
801 1 |a RU  |b 63413507  |c 20090922 
801 2 |a RU  |b 63413507  |c 20220823  |g RCR 
900 |a Экономическая информатика 
942 |c BK 
951 |a 521600  |b 080100 
959 |a 97/20090921  |d 2  |e 220,00  |f АНЛ:1  |f ЧЗГЛ:1